Kvantifikácia tokov hlavných agropotravinárskych komodít v SR

Enregistré dans:
Détails bibliographiques
Auteur principal: Jamborová, Mária
Format: Livre
Langue:slovaque
Publié: Bratislava Výskumný ústav ekonomiky poľnohospodárstva a potravinárstva 2005
Collection:Štúdia č. 96/2005
Sujets:
Tags: Ajouter un tag
Pas de tags, Soyez le premier à ajouter un tag!

MARC

LEADER 00000nam$a2200000$$$4500
001 0050464
005 20240223110227.0
020 |a 80-8058-403-6 
041 0 |a slo 
044 |a SK 
245 1 0 |a Kvantifikácia tokov hlavných agropotravinárskych komodít v SR  |c Mária Jamborová a kol. 
264 1 |a Bratislava  |b Výskumný ústav ekonomiky poľnohospodárstva a potravinárstva  |c 2005 
300 |a 103 s. 
490 1 |a Štúdia  |v č. 96/2005 
830 0 |a Štúdia  |v č. 96/2005 
610 2 0 |a agropotravinárstvo 
610 2 0 |a komodity 
610 2 0 |a výroba rastlinná 
610 2 0 |a výroba živočíšna 
610 2 0 |a Slovensko 
100 1 |a Jamborová, Mária